| 000 | 01061 a2200217 4500 | ||
|---|---|---|---|
| 001 | 56995 | ||
| 005 | 20260407155832.0 | ||
| 008 | 260407a1990 arg spa d | ||
| 003 | AR-UNSa-BCEJYS | ||
| 040 |
_aAR-UNSa-BCEJYS _bspa _cAR-UNSa-BCEJYS |
||
| 080 |
_a94:33 _xHistoria económica |
||
| 245 | 1 | 0 | _aThe history of econometric ideas |
| 020 | _a0-521-42465-8 | ||
| 264 | 1 |
_aCambridge : _bCambridge University Press _c1990 |
|
| 300 |
_a296 p. _c28 cm. |
||
| 505 | _a1. Sunspot and Venus theories of the business cycle – 2. Measuring and representing business cycles – 3. Random shocks enter the business cycle scene – 4. Tinbergen and macrodynamic models – 5. Narrowing the datatheory gap in demand analysis – 6. The evolution of identification questions – 7. Errors-in-variables and errors-in-equations models – 8. Haavelmos probability model | ||
| 942 | _cBK | ||
| 590 | _aniveau_biblio:m niveau_hierar:0 | ||
| 100 | 1 | _aMorgan, Mary S. | |
| 856 | 4 | 1 |
_uhttps://biblioeco.unsa.edu.ar/pmb/images/libros/L128635.jpg _yImagen de portada _qimage/jpeg |
| 999 |
_c6083 _d6083 |
||